=LDR 00000nam 2200000 4500 =001 000950 =005 20250712012907 =035 ##$$a 0010-0725000829 =007 ta =008 250712################a##########0#ind## =020 ##$$a 978-623-307-452-0 =082 ##$$a 398. 209 598 =084 ##$$a 398. 209 598 GHI l =100 #$$a Ghimiray, Abhimanyu =245 1#$$a Laboratorium Ilmiah /$c Abhimanyu Ghimiray =250 ##$$a Cetakan Pertama =260 ##$$a Jakarta Timur :$b Badan Pengembangan dan Pembinaan Bahasa,$c 2024 =300 ##$$a 16 hlm. : $b Ilus. ; $c 29 cm =650 #4$$a Cerita anak Indonesia-Terjemahan =650 #4$$a Literasi-Bahan Bacaan =856 ##$$a TBM As-Suhada =990 ##$$a TBM202400636